000 01330nam a22003731i 4500
001 bslw10068705
005 20240305165655.0
006 m o d
007 cr un ---uuuua
008 230713s2019 ck ob 000 0 spa d
020 _a9789587717792
020 _a9789587717808
_q(eISBN)
035 _a38736
040 _aUtOrBLW
_beng
_erda
_cUtOrBLW
043 _as-ck---
050 4 _aG155.C7
_bJ56 2019
082 0 4 _a338.47919861
_223
100 1 _aJiménez Bulla, Luis Hernando,
_eauthor.
245 1 0 _aAgroturismo :
_bestrategia para el desarrollo de la espacialidad rural y la sustentabilidad ambiental /
_cLuis Hernando Jiménez Bulla.
250 _aPrimera edición.
264 1 _aBogotá, Colombia :
_bEcoe Ediciones,
_c2019.
300 _a1 online resource (xviii, 153 pages)
336 _atext
_btxt
_2rdacontent
337 _acomputer
_bc
_2rdamedia
338 _aonline resource
_bcr
_2rdacarrier
490 1 _aColección: Ciencias Naturales. Ecología y medio ambiente
504 _aIncludes bibliographical references.
650 0 _aAgritourism
_zColombia.
650 0 _aEcotourism
_zColombia.
650 0 _aSustainable development
_zColombia.
830 0 _aColección: Ciencias Naturales.
_pEcología y medio ambiente.
856 4 0 _uhttps://app.vlex.com/#/sources/38736
942 _cRAA
999 _c173034
_d173034